000 00349nam a2200121Ia 4500
008 220614s9999||||xx |||||||||||||| ||und||
245 0 _aGestational Diabetes
546 _aEnglish[eng]
650 _aEndocrinology
700 _aRadenkovic, Miroslav
856 _uhttps://mts.intechopen.com/storage/books/337/authors_book/authors_book.pdf
942 _cEB
999 _c7417
_d7417